<?xml version="1.0" encoding="UTF-8"?>
<record
    xmlns:xsi="http://www.w3.org/2001/XMLSchema-instance"
    xsi:schemaLocation="http://www.loc.gov/MARC21/slim http://www.loc.gov/standards/marcxml/schema/MARC21slim.xsd"
    xmlns="http://www.loc.gov/MARC21/slim">

  <leader>01468cam a2200361 i 4500</leader>
  <controlfield tag="001">17993154</controlfield>
  <controlfield tag="005">20220326193332.0</controlfield>
  <controlfield tag="008">140110s2014    nyua          000 0 mul  </controlfield>
  <datafield tag="010" ind1=" " ind2=" ">
    <subfield code="a">  2014000883</subfield>
  </datafield>
  <datafield tag="020" ind1=" " ind2=" ">
    <subfield code="a">9780982354490 (alk. paper)</subfield>
  </datafield>
  <datafield tag="040" ind1=" " ind2=" ">
    <subfield code="a">DLC</subfield>
    <subfield code="b">eng</subfield>
    <subfield code="c">DLC</subfield>
    <subfield code="e">rda</subfield>
    <subfield code="d">DLC</subfield>
  </datafield>
  <datafield tag="041" ind1="1" ind2=" ">
    <subfield code="a">eng</subfield>
    <subfield code="a">spa</subfield>
    <subfield code="h">spa</subfield>
  </datafield>
  <datafield tag="042" ind1=" " ind2=" ">
    <subfield code="a">pcc</subfield>
  </datafield>
  <datafield tag="043" ind1=" " ind2=" ">
    <subfield code="a">s-uy---</subfield>
  </datafield>
  <datafield tag="082" ind1="0" ind2="0">
    <subfield code="a">709.2</subfield>
    <subfield code="2">23</subfield>
    <subfield code="b">C184l</subfield>
  </datafield>
  <datafield tag="100" ind1="1" ind2=" ">
    <subfield code="a">Camnitzer, Luis,</subfield>
    <subfield code="d">1937-</subfield>
    <subfield code="e">interviewee.</subfield>
    <subfield code="9">3101</subfield>
  </datafield>
  <datafield tag="245" ind1="1" ind2="0">
    <subfield code="a">Luis Camnitzer :</subfield>
    <subfield code="b">in conversation with = en conversaci&#xF3;n con Alexander Alberro /</subfield>
    <subfield code="c">introductory essay by = ensayo introductorio de Gabriel P&#xE9;rez-Barreiro.</subfield>
  </datafield>
  <datafield tag="300" ind1=" " ind2=" ">
    <subfield code="a">231 p. </subfield>
    <subfield code="b">ill. (col.) </subfield>
    <subfield code="c">24 cm</subfield>
  </datafield>
  <datafield tag="546" ind1=" " ind2=" ">
    <subfield code="a">English and Spanish.</subfield>
  </datafield>
  <datafield tag="600" ind1="1" ind2="0">
    <subfield code="a">Camnitzer, Luis,</subfield>
    <subfield code="d">1937-</subfield>
    <subfield code="v">Interviews.</subfield>
    <subfield code="9">3232</subfield>
  </datafield>
  <datafield tag="600" ind1="1" ind2="0">
    <subfield code="a">Alberro, Alexander</subfield>
    <subfield code="d">1957-</subfield>
    <subfield code="v">Entrevistador</subfield>
    <subfield code="9">3233</subfield>
  </datafield>
  <datafield tag="600" ind1="1" ind2="0">
    <subfield code="a">P&#xE9;rez-Barreiro, Gabriel</subfield>
    <subfield code="v">Introducci&#xF3;n</subfield>
    <subfield code="9">3234</subfield>
  </datafield>
  <datafield tag="650" ind1=" " ind2="0">
    <subfield code="a">Artists</subfield>
    <subfield code="z">Uruguay</subfield>
    <subfield code="v">Interviews.</subfield>
    <subfield code="9">3235</subfield>
  </datafield>
  <datafield tag="650" ind1=" " ind2="0">
    <subfield code="a">Cr&#xED;tica e Interpretaci&#xF3;n</subfield>
    <subfield code="9">3236</subfield>
  </datafield>
  <datafield tag="650" ind1=" " ind2="0">
    <subfield code="a">Biograf&#xED;a</subfield>
    <subfield code="9">3237</subfield>
  </datafield>
  <datafield tag="700" ind1="1" ind2=" ">
    <subfield code="a">Alberro, Alexander,</subfield>
    <subfield code="e">Interviewer.</subfield>
    <subfield code="9">4</subfield>
  </datafield>
  <datafield tag="700" ind1="1" ind2=" ">
    <subfield code="a">P&#xE9;rez-Barreiro, Gabriel,</subfield>
    <subfield code="e">writer of introduction.</subfield>
    <subfield code="9">3238</subfield>
  </datafield>
  <datafield tag="700" ind1="1" ind2="2">
    <subfield code="a">Camnitzer, Luis,</subfield>
    <subfield code="d">1937-</subfield>
    <subfield code="t">Luis Camnitzer.</subfield>
    <subfield code="9">3239</subfield>
  </datafield>
  <datafield tag="700" ind1="1" ind2="2">
    <subfield code="a">Camnitzer, Luis,</subfield>
    <subfield code="d">1937-</subfield>
    <subfield code="t">Luis Camnitzer.</subfield>
    <subfield code="l">English.</subfield>
    <subfield code="9">3240</subfield>
  </datafield>
  <datafield tag="710" ind1="2" ind2=" ">
    <subfield code="a">Fundaci&#xF3;n Cisneros.</subfield>
    <subfield code="9">762</subfield>
  </datafield>
  <datafield tag="906" ind1=" " ind2=" ">
    <subfield code="a">7</subfield>
    <subfield code="b">cbc</subfield>
    <subfield code="c">orignew</subfield>
    <subfield code="d">1</subfield>
    <subfield code="e">ecip</subfield>
    <subfield code="f">20</subfield>
    <subfield code="g">y-gencatlg</subfield>
  </datafield>
  <datafield tag="999" ind1=" " ind2=" ">
    <subfield code="c">712</subfield>
    <subfield code="d">712</subfield>
  </datafield>
  <datafield tag="952" ind1=" " ind2=" ">
    <subfield code="0">0</subfield>
    <subfield code="1">0</subfield>
    <subfield code="2">ddc</subfield>
    <subfield code="4">0</subfield>
    <subfield code="7">0</subfield>
    <subfield code="a">LV</subfield>
    <subfield code="b">LV</subfield>
    <subfield code="c">Monograf&#xED;as</subfield>
    <subfield code="d">2015-08-11</subfield>
    <subfield code="l">1</subfield>
    <subfield code="o">709.2 C184l</subfield>
    <subfield code="p">004077</subfield>
    <subfield code="r">2019-09-06 00:00:00</subfield>
    <subfield code="s">2019-08-31</subfield>
    <subfield code="w">2015-08-11</subfield>
    <subfield code="y">01</subfield>
  </datafield>
</record>
